Online
Catalog

Verdad sin fundamentos : (Record no. 22773)

MARC details
000 -CABECERA
campo de control de longitud fija 00930nam a2200253 a 4500
001 - NÚMERO DE CONTROL
campo de control 000023276
005 - FECHA Y HORA DE LA ÚLTIMA TRANSACCIÓN
campo de control 20251210105142.0
008 - DATOS DE LONGITUD FIJA--INFORMACIÓN GENERAL
campo de control de longitud fija 101201s1998 ck r 000 0 spa d
020 ## - NÚMERO INTERNACIONAL ESTÁNDAR DEL LIBRO
Número Internacional Estándar del Libro 9588052114
040 ## - FUENTE DE LA CATALOGACIÓN
Centro catalogador/agencia de origen DO-SdBNP
Lengua de catalogación spa
Centro/agencia transcriptor BNPHU
082 ## - NÚMERO DE LA CLASIFICACIÓN DECIMAL DEWEY
Número de clasificación 121
Número de documento/Ítem M519v
049 ## - FONDOS LOCALES (OCLC)
Fondos de biblioteca BNGR
100 1# - ENTRADA PRINCIPAL--NOMBRE DE PERSONA
Nombre de persona Meléndez Acuña, Raúl,
Fechas asociadas al nombre 1964-
9 (RLIN) 47928
245 10 - MENCIÓN DE TÍTULO
Título Verdad sin fundamentos :
Resto del título una indagación acerca del concepto de verdad a la luz de la filosofía de Wittgenstein /
Mención de responsabilidad, etc. Raúl Meléndez Acuña ; presentación de Magdalena Holguín.
260 ## - PUBLICACIÓN, DISTRIBUCIÓN, ETC.
Lugar de publicación, distribución, etc. Colombia :
Nombre del editor, distribuidor, etc. Ministerio de Cultura,
Fecha de publicación, distribución, etc. 1998.
300 ## - DESCRIPCIÓN FÍSICA
Extensión 265, [14] p. ;
Dimensiones 21 cm.
490 1# - MENCIÓN DE SERIE
Mención de serie Premios nacionales de cultura
490 1# - MENCIÓN DE SERIE
Mención de serie Filosofía
504 ## - NOTA DE BIBLIOGRAFÍA, ETC.
Nota de bibliografía, etc. Incluye notas al pie de las páginas.
650 #4 - PUNTO DE ACCESO ADICIONAL DE MATERIA--TÉRMINO DE MATERIA
Término de materia o nombre geográfico como elemento de entrada Teoría del conocimiento
9 (RLIN) 13
650 #0 - PUNTO DE ACCESO ADICIONAL DE MATERIA--TÉRMINO DE MATERIA
Término de materia o nombre geográfico como elemento de entrada Verdad
9 (RLIN) 47929
700 1# - PUNTO DE ACCESO ADICIONAL--NOMBRE DE PERSONA
Nombre de persona Holguín, Magdalena,
9 (RLIN) 47930
830 #0 - PUNTO DE ACCESO ADICIONAL DE SERIE-TÍTULO UNIFORME
Título uniforme Premios nacionales de cultura.
Nombre de parte o sección de la obra Filosofía
9 (RLIN) 47931
Holdings
Estado de retiro Estado de pérdida Restricciones de uso No para préstamo Código de colección Localización permanente Ubicación/localización actual Ubicación en estantería Fecha de adquisición Número de inventario Total de préstamos Signatura topográfica completa Código de barras Fecha visto por última vez Precio válido a partir de Tipo de ítem Koha
    Préstamo interno   Monografías: Libros y Folletos General General En catalogación 01.12.2010 LF1   121 M519v 23276-10 25.06.2020 25.06.2020 Préstamo interno

Powered by Koha